Using cointegration analysis in econometric modelling
Uloženo v:
| Hlavní autor: | |
|---|---|
| Médium: | Kniha |
| Jazyk: | angličtina |
| Vydáno: |
Essex
Prentice-Hall
1995
|
| Témata: | |
| Tagy: |
Přidat tag
Žádné tagy, Buďte první, kdo vytvoří štítek k tomuto záznamu!
|
MARC
| LEADER | 00000nam a2200000 a 4500 | ||
|---|---|---|---|
| 001 | UCM1259 | ||
| 003 | CL-VaPUC | ||
| 008 | 020328e19950000uk |||||||||||||||||eng|d | ||
| 082 | 0 | 4 | |a 330.015195 |b HAR |2 21 |
| 100 | 0 | |a Harris, R. I. D |e author |9 468294 | |
| 245 | 1 | 0 | |a Using cointegration analysis in econometric modelling |
| 300 | |a 176 p | ||
| 942 | |c BK | ||
| 945 | |d 20020328 00:00:00 |a cmena | ||
| 260 | |a Essex |b Prentice-Hall |c 1995 | ||
| 650 | 0 | |a Econometría |9 261029 | |
| 650 | 0 | |a Modelos econométricos |9 261094 | |
| 650 | 0 | |a Estadística matemática |9 260028 | |
| 583 | |a last modification |c 20150424 04:15:42 |k Rodrigo Vera | ||
| 999 | |c 299850 |d 299848 | ||